Faculty of Law Library — Cairo University

Official Online Catalog

International law : (Record no. 56073)

MARC details
000 -LEADER
fixed length control field 00994cac a2200313 i 4500
003 - CONTROL NUMBER IDENTIFIER
control field EG-GICUC
005 - DATE AND TIME OF LATEST TRANSACTION
control field 20260121101712.0
008 - FIXED-LENGTH DATA ELEMENTS--GENERAL INFORMATION
fixed length control field 981023s1997 enk frb 001 0 eng d
020 ## - INTERNATIONAL STANDARD BOOK NUMBER
International Standard Book Number 0421535709
020 ## - INTERNATIONAL STANDARD BOOK NUMBER
International Standard Book Number 9780421535701
040 ## - CATALOGING SOURCE
Original cataloging agency MoSU-L
Transcribing agency MoSU-L
Language of cataloging eng
Modifying agency EG-GiCUC
Description conventions rda
050 14 - LIBRARY OF CONGRESS CALL NUMBER
Classification number KZ3295.W35
Item number I58 1997
082 04 - DEWEY DECIMAL CLASSIFICATION NUMBER
Edition number 21
Classification number 341
092 04 - LOCALLY ASSIGNED DEWEY CALL NUMBER (OCLC)
Edition number 21
099 ## - LOCAL FREE-TEXT CALL NUMBER (OCLC)
Classification number Law 11 1997
100 1# - MAIN ENTRY--PERSONAL NAME
Personal name Wallace, Rebecca M. M.
245 10 - TITLE STATEMENT
Title International law :
Remainder of title a student introduction /
Statement of responsibility, etc. by Rebecca M.M. Wallace.
250 ## - EDITION STATEMENT
Edition statement 3rd edition.
264 ## - PRODUCTION, PUBLICATION, DISTRIBUTION, MANUFACTURE, AND COPYRIGHT NOTICE
Place of production, publication, distribution, manufacture London :
Name of producer, publisher, distributor, manufacturer Sweet & Maxwell,
Date of production, publication, distribution, manufacture, or copyright notice 1997.
300 ## - PHYSICAL DESCRIPTION
Extent xxix, 329 page ;
Dimensions 22 cm.
Other physical details illustrations,
336 ## - CONTENT TYPE
Content type term text
Content type code txt
Source rdacontent
337 ## - MEDIA TYPE
Media type term Computer
Media type code n
Source rdamedia
338 ## - CARRIER TYPE
Carrier type term Online Resource
Carrier type code nc
Source rdacarrier
504 ## - BIBLIOGRAPHY, ETC. NOTE
Bibliography, etc. note Includes bibliographical references (p. 309-311) and index.
650 #0 - SUBJECT ADDED ENTRY--TOPICAL TERM
Topical term or geographic name entry element International law.
856 40 - ELECTRONIC LOCATION AND ACCESS
Uniform Resource Identifier <a href="https://fll.law.cu.edu.eg/fulltext/bks/ENGB11-00009.pdf">https://fll.law.cu.edu.eg/fulltext/bks/ENGB11-00009.pdf</a>
905 ## - Cataloger and Reviser Names
Cataloger Name: Hend El khosy
942 ## - ADDED ENTRY ELEMENTS (KOHA)
Source of classification or shelving scheme Dewey Decimal Classification
Koha item type Books
Edition 21
Suppress in OPAC No
Holdings
Withdrawn status Lost status Source of classification or shelving scheme Damaged status Not for loan Collection Home library Current library Date acquired Total checkouts Full call number Barcode Date last seen Copy number Price effective from Koha item type Public note
    Dewey Decimal Classification     القانون الدولي العام جــــامعة القــاهرة مكتبة كلية الحقوق - المبنى الرئيسي 11.01.2026   Law1 11 341 . WA . I 3 ed - 1997 1100011 C3 ENGB11-00011 11.01.2026 3 11.01.2026 Books  
    Dewey Decimal Classification     القانون الدولي العام جــــامعة القــاهرة مكتبة كلية الحقوق - المبنى الرئيسي 11.01.2026   Law1 11 341 . WA . I 3 ed - 1997 1100012 C4 ENGB11-00012 11.01.2026 4 11.01.2026 Books 1078
    Dewey Decimal Classification     القانون الدولي العام جــــامعة القــاهرة مكتبة كلية الحقوق - فـرع الشيخ زايد 11.01.2026   Law2 11 341 . WA . I 3 ed - 1997 1100009 C1 ENGB11-00009 11.01.2026 1 11.01.2026 Books 78
    Dewey Decimal Classification     القانون الدولي العام جــــامعة القــاهرة مكتبة كلية الحقوق - فـرع الشيخ زايد 11.01.2026   Law2 11 341 . WA . I 3 ed - 1997 1100010 C2 ENGB11-00010 11.01.2026 2 11.01.2026 Books 79

© All rights reserved — Faculty of Law, Cairo University